Language Quiz

Random Language or Letter Quiz

First and Last Letters (6 Letter Words) Quiz Stats

 Plays Quiz Updated Mar 18, 2020

Support Sporcle.
Go Orange.
Score 0/80 Timer 10:00
0 Plays Today
Pattern Word % Correct
_ H E O R _THEORY
92.2%
_ T O M I _ATOMIC
89.8%
_ D D I C _ADDICT
88.9%
_ B S O R _ABSORB
88%
_ U L G A _VULGAR
86.9%
_ O N G U _TONGUE
85.4%
_ A N Y O _CANYON
85%
_ K E T C _SKETCH
84.2%
_ H I R S _THIRST
83.1%
_ E T E O _METEOR
83.1%
_ A C K A _JACKAL
79.6%
_ O C U S _LOCUST
79.5%
_ A Z A A _BAZAAR
79.4%
_ O C O O _COCOON
79.3%
_ R A G O _DRAGON
79.2%
_ T R O L _STROLL
79.2%
_ L I X I _ELIXIR
78%
_ H E T T _GHETTO
78%
_ A Z E B _GAZEBO
77.6%
_ I S I O _VISION
77.3%
_ N I S O _UNISON
76.7%
_ U S E U _MUSEUM
76.7%
_ E G A C _LEGACY
73.3%
_ E N C I _PENCIL
73.2%
_ E T H A _LETHAL
72.4%
_ A L A X _GALAXY
72.3%
_ W E N T _TWENTY
71.9%
_ O B U S _ROBUST
71.1%
_ O A T H _LOATHE
70.6%
_ O T E N _POTENT
70%
_ R O T I _EROTIC
69.8%
_ O C T O _DOCTOR
69.7%
_ O N E S _HONEST
69.6%
_ I Q U O _LIQUOR
68.9%
_ I C C U _HICCUP
68.5%
_ I R A D _TIRADE
68.5%
_ E S A M _SESAME
67.3%
_ N I G H _KNIGHT
67.1%
_ C O N I _ICONIC
66.8%
_ O G U R _YOGURT
66.1%
Pattern Word % Correct
_ A I S I _RAISIN
65.3%
_ R O N I _IRONIC
64.8%
_ A L M L _CALMLY
64.6%
_ A M S E _DAMSEL
64.3%
_ E S U M _RESUME
64%
_ A J A M _PAJAMA
63.8%
_ U A I N _QUAINT
62.5%
_ R E N Z _FRENZY
62.5%
_ A F A R _SAFARI
61.4%
_ A L M O _SALMON
61.1%
_ U T H O _AUTHOR
60.9%
_ O C I A _SOCIAL
60.6%
_ A R E N _PARENT
59.8%
_ E L E R _CELERY
59.2%
_ A C A D _FACADE
58.7%
_ A C A T _VACATE
57.9%
_ O T I C _NOTICE
57.9%
_ E A R S _HEARSE
57.5%
_ U T U M _AUTUMN
57.1%
_ H Y T H _RHYTHM
56.8%
_ L A U N _FLAUNT
55.1%
_ R E M O _TREMOR
54.6%
_ E P I C _DEPICT
52.5%
_ A R Y N _LARYNX
52.1%
_ O R G U _MORGUE
52.1%
_ E A L O _ZEALOT
51.5%
_ R I D A _BRIDAL
50.2%
_ N A M E _ENAMEL
49.9%
_ U I T A _GUITAR
47.4%
_ A R M T _WARMTH
46%
_ A R T Y _MARTYR
45.2%
_ U N I S _PUNISH
43.6%
_ O A L I _GOALIE
42.7%
_ Y R I A _MYRIAD
42.1%
_ L I M A _CLIMAX
41.9%
_ U T F I _OUTFIT
40.2%
_ E P H E _NEPHEW
35.1%
_ E H A L _BEHALF
34%
_ P H I L _UPHILL
27.7%
_ U R E A _BUREAU
26.9%

You're not logged in!

Compare scores with friends on all Sporcle quizzes.
OR
Log In

From the Vault

'A' Country Challenge

by oldkent

These are some A-list countries.
Remove Ads.
Support Sporcle.
Get the best of Sporcle when you Go Orange. This ad-free experience offers more features, more stats, and more fun while also helping to support Sporcle. Thank you for becoming a member.

Show Comments

Extras

Top Quizzes Today


Score Distribution

Your Account Isn't Verified!

In order to create a playlist on Sporcle, you need to verify the email address you used during registration. Go to your Sporcle Settings to finish the process.

Report this User

Report this user for behavior that violates our Community Guidelines.

Details: